Entertaining A A's Quiz Stats

 Plays Quiz not verified by Sporcle

Score 0/14 Timer 04:00
0 Plays Today
% Correct
Alan Alda
92%
Amy Adams
89.4%
Atom Ant
83.6%
Archie Andrews
83.1%
Anne Archer
76.5%
Adam Ant
76.5%
Alan Arkin
74.9%
% Correct
Anthony Anderson
70.3%
Agnes Ayres
67.2%
Adam Arkin
61.9%
Armand Assante
59.4%
Ashley Argota
58.3%
Allan Arbus
55.4%
Amy Acker
55.2%

You're not logged in!

Compare scores with friends on all Sporcle quizzes.
OR
Log In

You Might Also Like...

Show Comments

Extras

Top Quizzes Today


Score Distribution

Your Account Isn't Verified!

In order to create a playlist on Sporcle, you need to verify the email address you used during registration. Go to your Sporcle Settings to finish the process.

Report this User

Report this user for behavior that violates our Community Guidelines.

Details: